All Scream Deaths - Statistics

General Stats
  • This quiz has been taken 1,413 times
  • The average score is 27 of 60
Answer Stats
Movie Character % Correct
Scream VI Unnamed Male
99%
Scream VI Unnamed Male
99%
Scream VI Unnamed Male Bodega Owner
99%
Scream William "Billy" Loomis
90%
Scream Stuart "Stu" Macher
86%
Scream 2 Casey "Cici" Cooper
82%
Scream Casey Becker
81%
Scream Tatum Riley
80%
Scream (2022) Dwight "Dewey" Riley
73%
Scream Steven Orth
71%
Scream 2 Maureen Evans
70%
Pre-Scream Maureen Prescott
70%
Scream 2 Randy Meeks
70%
Scream 4 Jillian "Jill" Roberts
69%
Scream (2022) Amber Freeman
66%
Scream 2 Mickey Altieri
66%
Scream 4 Charlie Walker
63%
Scream (2022) Richard "Richie" Kirsch
61%
Scream 3 Roman Bridger
60%
Scream 2 Nancy Loomis
59%
Scream VI Ethan Landry
57%
Scream VI Quinn Bailey
53%
Scream Kenny Brown
47%
Scream (2022) Wes Hicks
47%
Scream 3 Cotton Weary
46%
Scream (2022) Sheriff Judy Hicks
42%
Scream VI Anika Kayoko
41%
Scream 2 Derek Feldman
40%
Scream 4 Olivia Morris
40%
Scream VI Detective Wayne Bailey
39%
Scream Principal Arthur Himbry
39%
Scream (2022) Liv McKenzie
37%
Scream 2 Hallie McDaniel
34%
Scream 3 Jennifer Jolie
34%
Scream VI Jason Carvey
33%
Scream 2 Phil Stevens
32%
Scream 3 Angelina Tyler
30%
Scream VI Laura Crane
28%
Scream 3 Sarah Darling
28%
Scream 4 Trevor Sheldon
28%
Scream VI Greg Bruckner
26%
Scream (2022) Vince Schneider
26%
Scream 3 Christine Hamilton
25%
Scream 4 Marnie Cooper
24%
Scream 4 Kate Roberts
23%
Scream 4 Robbie Mercer
23%
Scream 3 Steven Stone
23%
Scream 3 Tom Prinze
23%
Scream 4 Jenny Randall
22%
Scream 3 John Milton
22%
Scream 4 Rebecca Walters
21%
Scream 3 Tyson Fox
21%
Scream 4 Deputy Anthony Perkins
20%
Scream 4 Deputy Hoss
17%
Scream 2 Officer Andrews
16%
Scream 2 Officer Richards
15%
Scream VI Dr. Christopher Stone
14%
Scream VI Paul
14%
Scream VI Brooks
12%
Scream (2022) Deputy Clay
11%
No matching quizzes found
Score Distribution
Percent of People with Each Score
Percentile by Number Answered
Your Score History
You have not taken this quiz